| 000 | 00767nam a2200205Ia 4500 | ||
|---|---|---|---|
| 003 | GCL | ||
| 008 | 140319s9999 xx 000 0 ara d | ||
| 040 |
_aGCL / _cGCL |
||
| 082 | 0 | 4 |
_a330.121 _bع م |
| 100 | 1 | _aعبدالرزاق رحيم جدى الهيتى | |
| 245 | 1 | 0 |
_aالمصارف الاسلامية بين النظرية والتطبيق / _cعبدالرزاق رحيم جدى الهيتى |
| 250 | _aالاولى | ||
| 260 |
_aالاردن : _bدار اسامة للنشر والتوزيع ، _c1998 |
||
| 300 |
_a795 ص ؛ _c24 سم |
||
| 650 | 0 | 4 | _aالاقتصاد الاسلامى |
| 650 | 0 | 4 | _aالاسلام والبنوك |
| 650 | 0 | 4 | _aالبنوك الاسلامية |
| 650 | 0 | 4 | _aالاسلام - النظام المالى |
| 942 |
_2ddc _cBK |
||
| 999 |
_c5507 _d5507 |
||